The Definitive handbook of business continuity management.
| Format: | Book |
|---|---|
| Published: |
[S.I]:
John Wiley & Sons,
2011.
|
| Edition: | 3rd ed.. |
| Subjects: |
| LEADER | 00492cam a2200169 7i4500 | ||
|---|---|---|---|
| 001 | 0000027311 | ||
| 005 | 20120126090000.0 | ||
| 020 | 0 | 0 | |a 9780470670149 |
| 090 | 0 | 0 | |a B 658.4056 |b DEF |
| 245 | 0 | 0 | |a The Definitive handbook of business continuity management. |
| 250 | 0 | 0 | |a 3rd ed.. |
| 260 | 0 | 0 | |a [S.I]: |b John Wiley & Sons, |c 2011. |
| 300 | # | # | |a 798p. |
| 650 | 0 | 0 | |a Business planning |
| 650 | 0 | 0 | |a Crisis management |
| 650 | 0 | 0 | |a Emergency management |
| 999 | |a B000029968 |b Book |c Book |e Business Information Centre | ||


